Normal view MARC view
  • Jehanzeb

Entry Personal Name

Number of records used in: 1

001 - CONTROL NUMBER

  • control field: 48510

003 - CONTROL NUMBER IDENTIFIER

  • control field: NUST

005 - DATE AND TIME OF LATEST TRANSACTION

  • control field: 20210314134050.0

008 - FIXED-LENGTH DATA ELEMENTS

  • fixed length control field: 210314|| aca||aabn | a|a d

040 ## - CATALOGING SOURCE

  • Original cataloging agency: NUST
  • Transcribing agency: NUST

100 ## - HEADING--PERSONAL NAME

  • Personal name: Jehanzeb

670 ## - SOURCE DATA FOUND

  • Source citation: Work cat.: (NUST): Jehanzeb, A laboratory study of different types of aggregates using cement as partial replacement of filler in the marshall mix at high temperature, 2001
© 2023 Central Library, National University of Sciences and Technology. All Rights Reserved.